Zahraničná politika Talianska v kontexte nových bezpečnostných výziev bakalárska práca
Uložené v:
| Hlavný autor: | |
|---|---|
| Korporativný autor: | |
| Ďalší autori: | |
| Médium: | Kniha |
| Jazyk: | Slovak |
| Vydavateľské údaje: |
Bratislava
2024
|
| Tagy: |
Žiadne tagy, Buďte prvý, kto otaguje tento záznam!
|
MARC
| LEADER | 00000nbm a2200000 4500 | ||
|---|---|---|---|
| 001 | 0301755 | ||
| 005 | 20250226111214.8 | ||
| 041 | 0 | |a slo | |
| 044 | |a SK | ||
| 245 | 1 | 0 | |a Zahraničná politika Talianska v kontexte nových bezpečnostných výziev |b bakalárska práca |c Zuzana Pajdlhauserová ; školiteľ: Tetyana Zubro |
| 264 | 1 | |a Bratislava |c 2024 | |
| 300 | |a 65 s. | ||
| 100 | 1 | |a Pajdlhauserová, Zuzana | |
| 700 | 1 | |a Zubro, Tetyana, 1975- | |
| 710 | 2 | |a Fakulta medzinárodných vzťahov EU. Katedra medzinárodných politických vzťahov | |